| 000 | 01024cas a22002655a 4500 | ||
|---|---|---|---|
| 001 | ##L119019 | ||
| 008 | 020724c2001 xxkbr p a eng u | ||
| 022 | 1 | _a1750-1032 | |
| 035 | _a(Sirsi) u119019 | ||
| 041 | 0 | _aeng | |
| 110 | 2 |
_aRoyal Institution of Chartered Surveyors _bBuilding Surveying Faculty _94830 |
|
| 240 | 0 | 0 |
_aThe Journal _bRICS Building Surveying Faculty |
| 240 |
_aBuilding Surveying Journal _bIncorporating the Building Conservation Journal |
||
| 245 | 0 | 4 |
_aThe Journal _bRICS Building Surveying Journal |
| 260 | 3 |
_aLondon _bRICS _c2001- |
|
| 362 | 0 | _aLondon: (1) September 2001- | |
| 362 | 0 | _aEdinburgh: (10) April/May 2004- | |
| 520 | _aFrom 2010, the journal incorporates the Building Conservation Journal. | ||
| 554 | _aSix per year | ||
| 651 | 4 |
_aUnited Kingdom _y |
|
| 690 | _aBUILT ENVIRONMENT-BUILDING INSPECTION | ||
| 780 | 0 | 0 | _tBuilding Conservation Journal |
| 856 | 4 | 1 |
_uhttps://www.rics.org/buildingsurveyingjournal _zView the journal free of charge at www.rics.org... |
| 942 | _n0 | ||
| 999 |
_c118758 _d118758 |
||